|
|
|
|
| LEADER |
00000nam0a2200000 4500 |
| 001 |
317955 |
| 005 |
20231102003028.0 |
| 020 |
|
|
|a RU
|b 82-82071
|
| 035 |
|
|
|a (RuTPU)RU\TPU\book\343436
|
| 090 |
|
|
|a 317955
|
| 100 |
|
|
|a 20160418d1982 k y0rusy5003 ca
|
| 101 |
0 |
|
|a rus
|
| 102 |
|
|
|a RU
|
| 105 |
|
|
|a a z 001zy
|
| 200 |
1 |
|
|a Экономический анализ и совершенствование планирования развития нефтяной промышленности Западной Сибири
|e сборник научных трудов
|f Сибирский научно-исследовательский институт нефтяной промышленности (СибНИИНП) ; под ред. В. А. Давыдова
|
| 210 |
|
|
|a Тюмень
|c Изд-во СибНИИНП
|d 1982
|
| 215 |
|
|
|a 126, [8] с.
|c ил.
|
| 320 |
|
|
|a Библиогр. в конце ст.
|
| 606 |
|
|
|a Нефтяная промышленность
|2 stltpush
|3 (RuTPU)RU\TPU\subj\33716
|9 55872
|
| 606 |
1 |
|
|a Нефтяная промышленность
|x Экономика
|2 stltpush
|3 (RuTPU)RU\TPU\subj\45923
|9 65112
|
| 610 |
1 |
|
|a нефтедобывающие предприятия
|
| 610 |
1 |
|
|a управление
|
| 610 |
1 |
|
|a планирование
|
| 610 |
1 |
|
|a экономическое развитие
|
| 610 |
1 |
|
|a Западная Сибирь
|
| 610 |
1 |
|
|a интенсификация
|
| 610 |
1 |
|
|a экономическая эффективность
|
| 610 |
1 |
|
|a хозрасчетная деятельность
|
| 610 |
1 |
|
|a экономический анализ
|
| 675 |
|
|
|a 622.323012:658
|z rus
|v 3
|
| 702 |
|
1 |
|a Давыдов
|b В. А.
|g Владимир Александрович
|4 340
|
| 712 |
0 |
2 |
|a Сибирский научно-исследовательский институт нефтяной промышленности (СибНИИНП)
|c (Тюмень)
|2 stltpush
|3 (RuTPU)RU\TPU\col\214
|
| 801 |
|
0 |
|a RU
|b RuMRKP
|c 19950704
|g psbo
|
| 801 |
|
1 |
|a RU
|b 63413507
|c 20160418
|
| 801 |
|
2 |
|a RU
|b 63413507
|c 20191209
|g RCR
|
| 942 |
|
|
|c BK
|